• 首页
  • 本馆介绍
  • 公告通知
  • 最新文献
  • 馆藏检索
  • 电子资源
  • 读者导购
  • 参考咨询
  • 我的图书馆
  • 登录
  • 详细信息显示
  • 放入我的书架
  • 预约/预借图书
  • 作者相关作品
  • 分类相关作品
  • 丛书相关作品
  • 出版社相关作品

书目信息

  • 表格格式
  • 工作单格式
  • 卡片格式
题名:
酒精与蒸馏酒工艺学
    
 
作者: 章克昌 主编
分册:  
出版信息: 北京   中国轻工业出版社  2012.2
页数: 577页
开本: 26cm
丛书名:
单 册:
中图分类: TS262.2
科图分类:
主题词: 乙醇--生产工艺 , 蒸馏酒--生产工艺
电子资源:
ISBN: 978-7-5019-1706-8
000 00675nam0 2200229 45
001 1356803062
005 20130514160231.78
010    @a978-7-5019-1706-8@dCNY55.00
100    @a20130108d2012 em y0chiy0110 ea
101 0  @achi
102    @aCN@b110000
105    @ay z 000yy
106    @ar
200 1  @a酒精与蒸馏酒工艺学@AJiu Jing Yu Zheng Liu Jiu Gong Yi Xue@f章克昌主编@FZhang Ke Chang Zhu Bian
210    @a北京@c中国轻工业出版社@d2012.2
215    @a577页@d26cm
606 0  @a乙醇@x生产工艺
606 0  @a蒸馏酒@x生产工艺
690    @aTS262.2@v5
701  0 @a章克昌@AZhang Ke Chang@4主编
801    @aCN@bTANGWEI@c20130108
905    @b0829631-35@dTS262.2@e162@f5
    
    酒精与蒸馏酒工艺学/章克昌主编.-北京:中国轻工业出版社,2012.2
    577页;26cm
    
    
    ISBN 978-7-5019-1706-8:CNY55.00
    
●
相关链接 在E读中查询图书 在五车中查询图书 在当当中查询图书 在豆瓣中查询图书


正题名:酒精与蒸馏酒工艺学     索取号:TS262.2/162         预约/预借

序号 登录号 条形码 馆藏地/架位号 状态 备注
1 0829631   208296315   第二样本阅览室/ [索取号:TS262.2/162] 在馆    
2 0829632   208296324   第三借阅区/ [索取号:TS262.2/162] 在馆    
3 0829633   208296333   第三借阅区/ [索取号:TS262.2/162] 在馆    
4 0829634   208296342   第三借阅区/ [索取号:TS262.2/162] 在馆    
5 0829635   208296351   第三借阅区/ [索取号:TS262.2/162] 在馆    
唐山师范学院图书馆 欢迎您!
大连网信软件有限公司© 版权所有